000 00614nam a2200193 i 4500
001 142832
003 ES-MaACL
005 20250925063045.0
007 t|
008 071010s1969 sp ||||1| spa d
100 1 _aVicens Vives, Jaime,
_d1910-1960
_9114319
245 1 0 _aManual de historia económica de España /
_cJaime Vicens Vives ; con la colaboración de Jorge Nadal Oller.
250 _a7ª ed.
260 _aBarcelona :
_bVicens Vives,
_c[1969]
300 _a782 p. :
_bil. ;
_c22 cm.
700 1 _aNadal, Jordi.
_984797
852 _aES-MaACL
_jA-8827
_bR.98120
999 _c142832
_d142832